Krásna Ves Gräberfeld der lausitzer Kultur

Bibliographic Details
Main Authors: Budinský-Krička, Vojtech, 1903-1993 (Author), Veliačik, Ladislav, 1943- (Author)
Format: Book
Language:German
PhysicalDescription:154 s. 29 cm
Published: Nitra Slowakisch Akademie der Wissenschaft 1986
Series:Materialia Archeologica Slovaca
Subjects:

MARC

LEADER 00000nam a2200000 a 4500
001 vtls001354638
003 SK-MaSNL
005 20260301114915.0
008 251113s1986 xo a 0 ger
035 |a SNK000308082 
040 |a SNK  |b slo  |c SNK  |e AACR2 
041 0 |a ger 
044 |a xo  |c SK 
080 |a 903.5(437.625-21)  |2 1981 
100 1 |a Budinský-Krička, Vojtech,  |d 1903-1993  |4 aut  |9 256521 
245 1 |a Krásna Ves  |b Gräberfeld der lausitzer Kultur  |c Vojtech Budinský-Krička, Ladislav Veliačik 
260 |a Nitra  |b Slowakisch Akademie der Wissenschaft  |c 1986 
300 |a 154 s.  |c 29 cm 
490 1 |a Materialia Archeologica Slovaca 
650 0 7 |a archeológia  |2 SNKPH  |9 4974 
651 7 |a Krásna Ves (Slovensko)  |2 SNKPH  |9 163450 
700 1 |a Veliačik, Ladislav,  |d 1943-  |4 aut  |9 112819 
830 0 |a Materialia Archeologica Slovaca  |9 386386 
958 |a OND 
999 |c 720197  |d 722127 
952 |t P60, <03>, [BOOK], {603}  |a SNK  |b SNK  |y PREZ  |7 0  |p 17A0177946  |o snkSB 59812  |i snkD 281/99  |0 0  |1 0  |4 0  |d 1999-02-08  |f 1  |l 0  |r 2025-04-09 00:00:00  |w 2026-02-23 
952 |t P60, <04>, [BOOK], {604}  |a SNK  |b SNK  |y VYP  |7 0  |p 17A0177945  |o snkSB 59812 D1  |i snkD 282/99  |0 0  |1 0  |4 0  |d 1999-02-08  |l 0  |r 2005-01-02 00:00:00  |w 2026-02-23